Получение бензгидрилроксиламина и его эфиров; Ресурсоэффективным технологиям - энергию и энтузиазм молодых

Bibliografiske detaljer
Parent link:Ресурсоэффективным технологиям - энергию и энтузиазм молодых.— 2013.— [С. 161-163]
Hovedforfatter: Даниленко Н. В. Надежда Викторовна
Institution som forfatter: Национальный исследовательский Томский политехнический университет (ТПУ) Институт физики высоких технологий (ИФВТ) Кафедра биотехнологии и органической химии (БИОХ)
Andre forfattere: Куксёнок В. Ю. Вера Юрьевна, Штрыкова В. В. Виктория Викторовна
Summary:Заглавие с титульного листа
Sprog:russisk
Udgivet: 2013
Serier:Неразрушающий контроль и диагностика в производственной и социальной сферах
Fag:
Online adgang:http://www.lib.tpu.ru/fulltext/c/2013/C08/068.pdf
Format: MixedMaterials Electronisk Book Chapter
KOHA link:https://koha.lib.tpu.ru/cgi-bin/koha/opac-detail.pl?biblionumber=241178

MARC

LEADER 00000naa2a2200000 4500
001 241178
005 20251215160853.0
035 |a (RuTPU)RU\TPU\book\262444 
035 |a RU\TPU\book\262443 
090 |a 241178 
100 |a 20130704d2013 k y0rusy50 ca 
101 0 |a rus 
102 |a RU 
135 |a drcn ---uucaa 
200 1 |a Получение бензгидрилроксиламина и его эфиров  |f Н. В. Даниленко, В. Ю. Куксёнок, В. В. Штрыкова 
215 |a 1 файл(508 Кб) 
225 1 |a Неразрушающий контроль и диагностика в производственной и социальной сферах 
300 |a Заглавие с титульного листа 
320 |a [Библиогр.: с. 163 (5 назв.)] 
337 |a Adobe Reader 
463 1 |0 (RuTPU)RU\TPU\book\260564  |t Ресурсоэффективным технологиям - энергию и энтузиазм молодых  |o сборник докладов IV Университетской конференции студентов Элитного технического образования, г. Томск, 24 -27 апреля 2013 г.  |f Национальный исследовательский Томский политехнический университет (ТПУ)  |v [С. 161-163]  |d 2013 
610 1 |a труды учёных ТПУ 
610 1 |a электронный ресурс 
610 1 |a бензгидрилроксиламин 
610 1 |a эфиры 
610 1 |a бензгидрилмочевины 
700 1 |a Даниленко  |b Н. В.  |c химик-технолог  |c инженер-исследовательТомского политехнического университета  |f 1992-  |g Надежда Викторовна  |3 (RuTPU)RU\TPU\pers\35497  |9 18679 
701 1 |a Куксёнок  |b В. Ю.  |c химик  |c старший преподаватель Томского политехнического университета, кандидат химических наук  |f 1989-  |g Вера Юрьевна  |3 (RuTPU)RU\TPU\pers\30848  |9 15094 
701 1 |a Штрыкова  |b В. В.  |c химик  |c доцент Томского политехнического университета, кандидат химических наук  |f 1962-  |g Виктория Викторовна  |3 (RuTPU)RU\TPU\pers\28949  |9 13682 
712 0 2 |a Национальный исследовательский Томский политехнический университет (ТПУ)  |b Институт физики высоких технологий (ИФВТ)  |b Кафедра биотехнологии и органической химии (БИОХ)  |3 (RuTPU)RU\TPU\col\18693 
801 1 |a RU  |b 63413507  |c 20130205 
801 2 |a RU  |b 63413507  |c 20220329  |g RCR 
856 4 |u http://www.lib.tpu.ru/fulltext/c/2013/C08/068.pdf 
942 |c CF